00860nam a2200229Ia 450000500170000000800410001702000220005804100080008008200150008810000190010324500540012225000120017626000350018830000090022350000280023270000190026090600110027994200070029099900170029795201580031495201580047220251122100301.0230125s9999 xx 000 0 und d a978-0-241-29713-1 aeng a158.1bREE aReed J9215335 aWhy You ? 101 Questions You Will Never Fear Again a1st Ed. c2021bPenguin Random HouseaUK a304p aPersonality Development aReed J9215335 b124.75 cBK c96782d96782 00104070aHIMRbHIMRd2021-03-13eForward Booksg499.00i11380l0o158.1 REE B21690pHIMR-BK-21690r2023-01-25 00:00:00v374.25w2021-03-12yBKzB21690 00104070aHIMRbHIMRd2021-03-13eForward Booksg499.00i11380l0o158.1 REE B21691pHIMR-BK-21691r2023-01-25 00:00:00v374.25w2021-03-12yBKzB21691